Missing Word: Reality TV II Quiz Stats

 Plays Quiz Updated Jun 19, 2012

Support Sporcle.
Go Orange.
Score 0/20 Timer 02:00
3 Plays Today
Hint Answer % Correct
Deal or ________ DealNo
98.5%
The Biggest ________Loser
96.9%
America's ________ Top ModelNext
95.9%
________ You Think You Can Dance?So
94.6%
________ with the StarsDancing
94.6%
________ ShoreJersey
92.6%
________ Up with the KardashiansKeeping
90.4%
________ KitchenHell's
87%
The X ________Factor
86.9%
________ Makeover: Home EditionExtreme
85.5%
Hint Answer % Correct
What Not To ________Wear
85.3%
________ RunwayProject
84.1%
________ BrotherBig
81.9%
The ________ RaceAmazing
81.3%
Candid _________Camera
77.3%
Storage ________Wars
75.9%
________ and TiarasToddlers
73.7%
________ SquaresHollywood
59.6%
________ CatchDeadliest
55%
Sister ________Wives
40%

Today's Daily Dose

Quick Pick
Nissan Models

Get the Picture
Amazing Trees

From the Vault

Beginning Song Titles II

by MovieGuru

Music 6m
Song titles are just the beginning...
Remove Ads.
Support Sporcle.
Get the best of Sporcle when you Go Orange. This ad-free experience offers more features, more stats, and more fun while also helping to support Sporcle. Thank you for becoming a member.

Show Comments

Extras

Top Quizzes Today


Score Distribution

Your Account Isn't Verified!

In order to create a playlist on Sporcle, you need to verify the email address you used during registration. Go to your Sporcle Settings to finish the process.

Report this User

Report this user for behavior that violates our Community Guidelines.

Details: